| 000 | 00438nam a2200145 4500 | ||
|---|---|---|---|
| 001 | 111184 | ||
| 003 | ES-MaACL | ||
| 007 | t| | ||
| 008 | 061121s1920 sp r ||||1| spa d | ||
| 100 | 1 |
_aOlazábal, Domingo. _986679 |
|
| 245 | 1 | 0 |
_aMemoria y bases para un proyecto de ley de policía forestal y pastoral / _cDomingo Olazábal. |
| 260 |
_aMadrid : _bJesús López, _c]192_?] |
||
| 300 |
_a206 p. ; _c16 cm. |
||
| 852 |
_aES-MaACL _jB-6759 |
||
| 999 |
_c111184 _d111184 |
||